Handbook of extemporaneous preparation : a guide to pharmaceutical compounding / (Record no. 129823)
[ view plain ]
| 000 -LEADER | |
|---|---|
| fixed length control field | 01102cam a2200265 a 4500 |
| 001 - CONTROL NUMBER | |
| control field | vtls003227633 |
| 003 - CONTROL NUMBER IDENTIFIER | |
| control field | MY-SjTCS |
| 005 - DATE AND TIME OF LATEST TRANSACTION | |
| control field | 20200226114255.0 |
| 008 - FIXED-LENGTH DATA ELEMENTS--GENERAL INFORMATION | |
| fixed length control field | 111206s2010 enka bf 001 0 eng d |
| 020 ## - INTERNATIONAL STANDARD BOOK NUMBER | |
| International Standard Book Number | 9780853699019 (pbk.) |
| 020 ## - INTERNATIONAL STANDARD BOOK NUMBER | |
| International Standard Book Number | 0853699011 (pbk.) |
| 039 #9 - LEVEL OF BIBLIOGRAPHIC CONTROL AND CODING DETAIL [OBSOLETE] | |
| Level of rules in bibliographic description | 201203081447 |
| Level of effort used to assign nonsubject heading access points | wilmina |
| Level of effort used to assign subject headings | 201202251148 |
| Level of effort used to assign classification | stazrina |
| Level of effort used to assign subject headings | 201112061641 |
| Level of effort used to assign classification | malathy |
| -- | 201112061640 |
| -- | malathy |
| 082 04 - DEWEY DECIMAL CLASSIFICATION NUMBER | |
| Classification number | 615.19 |
| Item number | HAN 2010 |
| 245 00 - TITLE STATEMENT | |
| Title | Handbook of extemporaneous preparation : a guide to pharmaceutical compounding / |
| Statement of responsibility, etc. | edited by Mark Jackson, Andrew Lowey on behalf of the NHS Pharmaceutical Quality Assurance Committee. |
| 260 ## - PUBLICATION, DISTRIBUTION, ETC. | |
| Place of publication, distribution, etc. | London ; |
| -- | Chicago : |
| Name of publisher, distributor, etc. | Pharmaceutical Press, |
| Date of publication, distribution, etc. | 2010. |
| 300 ## - PHYSICAL DESCRIPTION | |
| Extent | xvi, 464 p. : |
| Other physical details | ill. ; |
| Dimensions | 24 cm. |
| 504 ## - BIBLIOGRAPHY, ETC. NOTE | |
| Bibliography, etc. note | Includes bibliographical references and index. |
| 650 #0 - SUBJECT ADDED ENTRY--TOPICAL TERM | |
| Topical term or geographic name entry element | Drugs |
| General subdivision | Dosage forms. |
| 9 (RLIN) | 21815 |
| 650 #0 - SUBJECT ADDED ENTRY--TOPICAL TERM | |
| Topical term or geographic name entry element | Drugs |
| General subdivision | Dosage forms |
| Geographic subdivision | Great Britain. |
| 650 #0 - SUBJECT ADDED ENTRY--TOPICAL TERM | |
| Topical term or geographic name entry element | Pharmaceutical chemistry |
| Geographic subdivision | Great Britain. |
| 700 1# - ADDED ENTRY--PERSONAL NAME | |
| Personal name | Jackson, Mark. |
| 9 (RLIN) | 58353 |
| 700 1# - ADDED ENTRY--PERSONAL NAME | |
| Personal name | Lowey, Andrew. |
| 9 (RLIN) | 58354 |
| 710 2# - ADDED ENTRY--CORPORATE NAME | |
| Corporate name or jurisdiction name as entry element | NHS Pharmaceutical Quality Assurance Committee. |
| 9 (RLIN) | 49915 |
| 920 ## - Programme | |
| Programme | PHA : 177659 |
| Withdrawn status | Lost status | Source of classification or shelving scheme | Damaged status | Not for loan | Home library | Current library | Date acquired | Total Checkouts | Total Renewals | Barcode | Date last seen | Date last checked out | Copy number | Uniform Resource Identifier | Koha item type | Public note |
|---|---|---|---|---|---|---|---|---|---|---|---|---|---|---|---|---|
| Dewey Decimal Classification | Taylor's Library-TU | Taylor's Library-TU | 09/01/2012 | 6 | 4 | 5000128545 | 28/09/2020 | 14/03/2020 | 1 | Floor 4, Shelf 17 , Side 2, TierNo 3, BayNo 7 | Main Collection | SOPxx,31001,02,CL |